| 000 | 00381nam a22001457a 4500 | ||
|---|---|---|---|
| 003 | macl | ||
| 005 | 20170827140031.0 | ||
| 008 | 170827b xxu||||| |||| 00| 0 eng d | ||
| 040 | _cmacl | ||
| 100 |
_aSaini,Kuldeep _968895 |
||
| 245 | _aEnvironmental Awareness and Wildlife Conservation | ||
| 260 |
_aGuwahati _bVivek Book _c2015 |
||
| 650 |
_aEnvironment _968896 |
||
| 942 |
_2ddc _cBK |
||
| 999 |
_c56933 _d56933 |
||